00599nam a2200217Ia 4500003000400000005001700004008004100021020001800062040001800080041000800098082002200106100002000128245006300148250001200211260005400223300002500277650001700302700002400319700002000343700001800363OSt20230222150544.0210716s2012 xx 000 0 und d a9789354491047 cAIMIT LIBRARY aeng a005.762 22bTANP aTan, Pang Ning. aIntroduction to data mining /cBy Pang Ning Tan...[et.al]. a2nd ed. aUttar Pradesh :bPearson India Education ,c2021. a856p. ;bPBc23.5 cm aAlgorithams. aSteinbach, Michael. aKarpatne, Anuj. aKumar, Vipin.